SCHAUM'S Outlines Numerical Analysis / (Record no. 32353)

000 -LEADER
fixed length control field 00527nam a22002177a 4500
003 - CONTROL NUMBER IDENTIFIER
control field Nust
005 - DATE AND TIME OF LATEST TRANSACTION
control field 20220112151846.0
008 - FIXED-LENGTH DATA ELEMENTS--GENERAL INFORMATION
fixed length control field 170120b xxu||||| |||| 00| 0 eng d
020 ## - INTERNATIONAL STANDARD BOOK NUMBER
International Standard Book Number 9780070085527
038 ## - RECORD CONTENT LICENSOR
Staff Name khadija
040 ## - CATALOGING SOURCE
Transcribing agency .
082 ## - DEWEY DECIMAL CLASSIFICATION NUMBER
Classification number 519.4 SCH
100 ## - MAIN ENTRY--PERSONAL NAME
Personal name Scheid, francis
9 (RLIN) 88331
245 ## - TITLE STATEMENT
Title SCHAUM'S Outlines Numerical Analysis /
Statement of responsibility, etc. Francis Scheid,
250 ## - EDITION STATEMENT
Edition statement 2nd
260 ## - PUBLICATION, DISTRIBUTION, ETC.
Place of publication, distribution, etc. New Delhi
Name of publisher, distributor, etc. Tata McGraw Hill
Date of publication, distribution, etc. 2010.
300 ## - PHYSICAL DESCRIPTION
Extent Invp
500 ## - GENERAL NOTE
General note Paperback.
563 ## - BINDING INFORMATION
Binding note PB
942 ## - ADDED ENTRY ELEMENTS (KOHA)
Koha item type Book
Source of classification or shelving scheme
Holdings
Withdrawn status Lost status Source of classification or shelving scheme Damaged status Not for loan Permanent Location Current Location Shelving location Date acquired Total Checkouts Total Renewals Full call number Barcode Date last seen Date last checked out Price effective from Koha item type
          School of Mechanical & Manufacturing Engineering (SMME) School of Mechanical & Manufacturing Engineering (SMME) Text Books 08/10/2015 2 1 519.4 SCH SMME-1212 08/01/2022 02/25/2022 08/10/2015 Book
© 2023 Central Library, National University of Sciences and Technology. All Rights Reserved.